000
00203nam a2200097Ia 4500
008
240331s9999 xx 000 0 und d
082
_b
BRO
100
_a
Brown, Dan
245
0
_a
Deception point
942
_c
L
999
_c
5859
_d
5859